000 00594nam a22001937a 4500
003 SISC
005 20160315141809.0
008 130824t xxu||||| |||| 00| 0 eng d
020 _a9780907500131
050 _aNA 7100
_b.W449 1987
082 _aHS 970
_bW45 1987
100 _a Welles, Sigourney
_913547
245 _aThe best bed & breakfast U.S.A. & Canada 1987 /
_cSigourney Welles, J. Mortimer, J. Darbey.
300 _a166 p. ;
_c21 cm.
650 _aNorth America
_xdescription and travel
_913548
650 _aCanada
_xdescription and travel
_913549
942 _2lcc
_cBK
999 _c9418
_d9418